Vichar Kranti (Record no. 9120)

MARC details
000 -LEADER
fixed length control field 00430nam a22001697a 4500
005 - DATE AND TIME OF LATEST TRANSACTION
control field 20260425115410.0
008 - FIXED-LENGTH DATA ELEMENTS--GENERAL INFORMATION
fixed length control field 260425b |||||||| |||| 00| 0 eng d
020 ## - INTERNATIONAL STANDARD BOOK NUMBER
ISBN 978-93-85721-04-5
041 ## - LANGUAGE CODE
Language code of text/sound track or separate title eng
082 ## - DEWEY DECIMAL CLASSIFICATION NUMBER
Classification number 294.5
100 ## - MAIN ENTRY--AUTHOR NAME
Personal name Balkrishna, Acharya
245 ## - TITLE STATEMENT
Title Vichar Kranti
260 ## - PUBLICATION, DISTRIBUTION, ETC. (IMPRINT)
Place of publication HARIDWAR
Name of publisher DIVYA PRAKASHAN
Year of publication 2025
300 ## - PHYSICAL DESCRIPTION
Number of Pages 208;P
650 ## - SUBJECT ADDED ENTRY--TOPICAL TERM
Topical Term Hinduism / Yoga / Indian religious
942 ## - ADDED ENTRY ELEMENTS (KOHA)
Koha item type Books
Holdings
Lost status Damaged status Collection code Home library Current library Shelving location Date acquired Source of acquisition Cost, normal purchase price Full call number Accession Number Koha item type
    BHARTIYA GYAN PARAMPARA JRU Library JRU Library KAUTILYA BOOK SANGRAH 25/04/2026 DONATION 151.00 294.5 00103/D Books